ბათუმის შოთა რუსთაველის სახელმწიფო უნივერსიტეტის ბიბლიოთეკა

ლიტერატურული პალიტრა №8. 2014. აგვისტო (ბიბ.ჩანაწერი № 43981)

000 -LEADER
fixed length control field 00585nam a2200181Ia 4500
001 - CONTROL NUMBER
control field 10731
003 - CONTROL NUMBER IDENTIFIER
control field GE_BSU
008 - FIXED-LENGTH DATA ELEMENTS--GENERAL INFORMATION
fixed length control field 181216s||||||||xx |||||||||||||| ||und||
040 ## - CATALOGING SOURCE
Transcribing agency GE_BSU
245 ## - TITLE STATEMENT
Title ლიტერატურული პალიტრა №8. 2014. აგვისტო
245 ## - TITLE STATEMENT
Statement of responsibility, etc. მთ.რედ.ზაალ ჩხეიძე
260 ## - PUBLICATION, DISTRIBUTION, ETC.
Place of publication, distribution, etc. თბილისი
260 ## - PUBLICATION, DISTRIBUTION, ETC.
Name of publisher, distributor, etc. სტამბა კოლორი
260 ## - PUBLICATION, DISTRIBUTION, ETC.
Date of publication, distribution, etc. 2014
300 ## - PHYSICAL DESCRIPTION
Extent 174გვ.30სმ.
653 ## - INDEX TERM--UNCONTROLLED
Uncontrolled term ლიტერატურული პალიტრა
942 ## - ADDED ENTRY ELEMENTS (KOHA)
Koha item type პერიოდიკა
ეგზემპლარები
Withdrawn status Lost status Damaged status Not for loan Date acquired Barcode Date last seen Price effective from Koha item type
        2018-12-17 р76381 2018-12-17 2018-12-17 პერიოდიკა